Statistics for Largest Economies in the World

Click here to take the quiz!

General Stats

  • This quiz has been taken 43 times
  • The average score is 23 of 25

Answer Stats

Value (USD$) MillionsCountry% Correct
2,613,979Brazil
100%
15,269,942China
100%
2,929,983France
100%
2,400,232Italy
100%
6,203,212Japan
100%
1,720,489South Korea
100%
1,641,514Spain
100%
3,085,300United Kingdom
100%
21,427,675United States
100%
1,569,104Australia
97%
1,846,595Canada
97%
3,202,183India
97%
1,322,489Mexico
97%
3,982,235Germany
94%
2,292,464Russia
94%
642,928Argentina
91%
1,204,830Indonesia
91%
606,730Poland
91%
577,214Iran
88%
951,766Netherlands
88%
950,328Turkey
88%
786,522Saudi Arabia
85%
749,424Switzerland
85%
603,031Taiwan
82%
584,638Sweden
79%

Score Distribution

Percentile by Number Answered

Percent of People with Each Score

Your Score History

You have not taken this quiz